Uncertain times: Managerial challenges and opportunities (Record no. 410)

MARC details
000 -LEADER
fixed length control field 00350nam a2200121Ia 4500
008 - FIXED-LENGTH DATA ELEMENTS--GENERAL INFORMATION
fixed length control field 130318s9999 xx 000 0 und d
082 ## - DEWEY DECIMAL CLASSIFICATION NUMBER
Classification number 658 KER/U
100 ## - MAIN ENTRY--PERSONAL NAME
Personal name Twenty First Annual Management Convention, Cochin
245 ## - TITLE STATEMENT
Title Uncertain times: Managerial challenges and opportunities
260 ## - PUBLICATION, DISTRIBUTION, ETC.
Name of publisher, distributor, etc. KMA
Place of publication, distribution, etc. Cochin
Date of publication, distribution, etc. 2002
300 ## - PHYSICAL DESCRIPTION
Extent 233
650 ## - SUBJECT ADDED ENTRY--TOPICAL TERM
Topical term or geographic name entry element MANAGEMENT
Holdings
Withdrawn status Lost status Damaged status Not for loan Collection code Home library Current library Shelving location Date acquired Total Checkouts Full call number Barcode Date last seen Price effective from Koha item type
        Management Kerala University of Digital Sciences, Innovation and Technology Knowledge Centre Kerala University of Digital Sciences, Innovation and Technology Knowledge Centre Management 18/03/2013   658 KER/U 413 18/03/2013 18/03/2013 Books